Aspergerov syndróm - diagnostický algoritmus

Bibliographic Details
Main Author: Jánošíková, Daniela (Author)
Format: Article
Language:Slovak
ISBN:9788097130411

MARC

LEADER 00000naa a2200000uu 4500
001 vtls011035010
003 SK-MaSNL
005 20260302124944.0
008 210907|2014 xo |||||||||||||||||slo|
015 |a SNBRA 
035 |a (urnnbn)urn:nbn:sk:snk:ar-008tbw 
035 |a (uuid)3acbdee6-888f-47aa-917b-eab9789070fe 
035 |a urn:nbn:sk:snk-aaup48 
040 |a SNKBUCL  |b slo  |c SNKBUCL  |e AACR2 
041 0 |a slo 
044 |a xo  |c SK 
100 1 |a Jánošíková, Daniela  |4 aut  |9 749310 
245 1 0 |a Aspergerov syndróm - diagnostický algoritmus  |c Daniela Jánošíková 
773 0 |t Aspergerov syndróm  |d Bratislava : Edoptim, 2014  |g S. 21-25  |z 9788097130411 
958 |a OND 
958 |a article12 
958 |a chapter 
999 |c 1290959  |d 1292889